International Marketing Research

Salvato in:
Dettagli Bibliografici
Autore principale: Douglas, Susan P.
Altri autori: Craig, Samuel C.
Natura: Libro
Lingua:inglese
Pubblicazione: Englewood Cliffs Prentice - Hall 1983
Edizione:1. ed.
Tags: Aggiungi Tag
Nessun Tag, puoi essere il primo ad aggiungerne!!

MARC

LEADER 00000nam a2200000 4500
001 c028776
005 20221220085107.8
041 0 |a eng 
044 |a US 
245 1 0 |a International Marketing Research  |c Susan P. Douglas, Samuel C. Craig 
250 |a 1. ed. 
264 1 |a Englewood Cliffs  |b Prentice - Hall  |c 1983 
300 |a 305 s. 
100 1 |a Douglas, Susan P. 
700 1 |a Craig, Samuel C.